| 000 | 00879nam a2200265Ia 4500 | ||
|---|---|---|---|
| 003 | OSt | ||
| 005 | 20221005042917.0 | ||
| 006 | a|||||r|||| 00| 0 | ||
| 007 | ta | ||
| 008 | 221004b |||||||| |||| 00| 0 eng d | ||
| 020 |
_a9781474405836 (pbk) _cUKP 19.99 |
||
| 024 | _a34982 | ||
| 037 |
_b8211, 15/09/2017, Efficient Book Distributors _cTextual |
||
| 040 |
_aCRL _cCRL _beng |
||
| 041 |
_2eng _aeng |
||
| 082 | _aR853xN25:g, Q6 | ||
| 100 |
_aRoffe Jon Au. _9591015 |
||
| 245 | 0 |
_aGilles Deleuze's empiricism and subjectivity _b critical introduction and guide |
|
| 260 |
_aEdinburgh _bEdinburgh University Press UK _c2016 |
||
| 300 |
_axv,175p. _ccm. |
||
| 650 | _a PHILOSOPHERS | ||
| 650 |
_aDELEUZE, GILLES _934067 |
||
| 942 |
_hR853xN25:g, Q6 _cTEXL _2cc |
||
| 999 |
_c951050 _d951050 |
||